000 00957nam a2200253Ia 4500
003 OSt
005 20220918110805.0
006 a|||||r|||| 00| 0
007 ta
008 220915b |||||||| |||| 00| 0 hin d
020 _a9788170281528 (hbk)
_c400
024 _a525
037 _b448, 19/03/2008, Swaraj Prakashan
_cReference Collections
040 _aARTS
_cARTS
_bhin
041 _2hin
_ahin
082 _aO152,2N251x, P6 (RR)
100 _aनेमिचंद्र, जैन, संपा.
_99583
245 0 _aमोहन राकेश के संपूर्ण नाटक
246 _aMohan rākesh ke sanpūrṇa nāṭaka
260 _aदिल्ली
_bराजपाल भारत
_c2006
300 _a469पृ0
942 _hO152,2N251x, P6 (RR)
_cREF
999 _c114768
_d114768